Viacnásobný darček Sklenený zverinec po rokoch opäť na slovenskom javisku

Bibliographic Details
Main Author: Stanček, Ľubomír (Author)
Other Authors: Paulovič, Ľubomír, 1952-2024 (Author of dialog)
Format: Article
Language:Slovak
Subjects:

MARC

LEADER 00000nab a2200000 a 4500
001 vtls000486512
003 SK-MaSNL
005 20260303235839.0
008 120927c xo 0 slo
015 |a SNBRB19rr/mm-uuuuu 
035 |a CL0486649 
040 |a SNKBUCL  |b slo  |c SNKBUCL  |e AACR2 
041 0 |a slo 
044 |a xo  |c SK 
080 |a 792.2  |2 1981 
100 1 |a Stanček, Ľubomír  |4 aut  |9 267870 
245 1 0 |a Viacnásobný darček  |b Sklenený zverinec po rokoch opäť na slovenskom javisku  |c Ľubomír Stanček ; Réžia Ľubomír Paulovič 
600 1 7 |a Williams, Tennessee,  |d 1914-1983  |t Sklenený zverinec  |2 snkbucl  |9 1114263 
610 2 7 |a Divadlo Nová scéna  |2 snkbucl  |9 228251 
650 0 7 |a Sklenený zverinec  |2 snkbucl  |9 1274868 
651 7 |a 5100  |2 snkbucl  |9 166206 
655 7 |a články z novín a časopisov  |2 snkbucl  |9 267496 
700 1 |a Paulovič, Ľubomír,  |d 1952-2024  |4 aud  |9 107043 
773 0 |t Pravda  |g Roč. 3 (74), č. 131 (8. 6. 1993), s. 11 
850 |a Slovenská národná knižnica v Martine  |a MTA001 
852 |a SNK  |b KIS3GCP 
958 |a RK 
992 |a RBX 
999 |c 2528056  |d 2529986